LEADER 01531nam 2200385 n 450 001 996387172403316 005 20221108023910.0 035 $a(CKB)1000000000626683 035 $a(EEBO)2240893605 035 $a(UnM)99842248 035 $a(EXLCZ)991000000000626683 100 $a19910501d1618 uy | 101 0 $aeng 135 $aurbn||||a|bb| 200 10$aHallelu-iah: praise yee the Lord, for the vnburthening of a loaden conscience$b[electronic resource] $eBy his grace is Iesus Christ vouchsafed vnto the worst sinner of all the whole world 210 $a[Cambridge] $cPrinted by Cantrell Legge, printer to the Vniuersitie of Cambridge$d1618. And are to be sold [in London] by Matthevv Lavv in Pauls Church-yard at the signe of the Foxe 215 $a[4], 139, [1] p 300 $aBy Richard Kilby. 300 $aRunning title reads: The vnburthening of a loaden conscience. 300 $aProbably issued with STC 14953: Kilby, Richard. The burthen of a loaden conscience. 300 $aReproduction of the original in the British Library. 330 $aeebo-0018 606 $aConscience$vEarly works to 1800 606 $aSin$vEarly works to 1800 615 0$aConscience 615 0$aSin 700 $aKilby$b Richard$fd. 1617.$01006882 801 0$bCu-RivES 801 1$bCu-RivES 801 2$bCStRLIN 801 2$bWaOLN 906 $aBOOK 912 $a996387172403316 996 $aHallelu-iah: praise yee the Lord, for the vnburthening of a loaden conscience$92401419 997 $aUNISA LEADER 02018oam 2200589M 450 001 9910716391403321 005 20200213070541.3 035 $a(CKB)5470000002520217 035 $a(OCoLC)1065858561 035 $a(OCoLC)995470000002520217 035 $a(EXLCZ)995470000002520217 100 $a20071213d1926 ua 0 101 0 $aeng 135 $aurcn||||||||| 181 $ctxt$2rdacontent 182 $cc$2rdamedia 183 $acr$2rdacarrier 200 10$aTransportation of stolen property. June 30, 1926. -- Referred to the House Calendar and ordered to be printed 210 1$a[Washington, D.C.] :$c[U.S. Government Printing Office],$d1926. 215 $a1 online resource (3 pages) 225 1 $aHouse report / 69th Congress, 1st session. House ;$vno. 1581 225 1 $a[United States congressional serial set ] ;$v[serial no. 8534] 300 $aBatch processed record: Metadata reviewed, not verified. Some fields updated by batch processes. 300 $aFDLP item number not assigned. 606 $aCrime 606 $aCriminals 606 $aForeign trade promotion 606 $aForeign trade and employment 606 $aInterstate commerce 606 $aLegislative amendments 606 $aReceiving stolen goods 606 $aTheft 606 $aTransportation 608 $aLegislative materials.$2lcgft 615 0$aCrime. 615 0$aCriminals. 615 0$aForeign trade promotion. 615 0$aForeign trade and employment. 615 0$aInterstate commerce. 615 0$aLegislative amendments. 615 0$aReceiving stolen goods. 615 0$aTheft. 615 0$aTransportation. 701 $aYates$b Richard$f1860-1936$pRepublican (IL)$01386170 801 0$bWYU 801 1$bWYU 801 2$bOCLCO 801 2$bOCLCQ 906 $aBOOK 912 $a9910716391403321 996 $aTransportation of stolen property. June 30, 1926. -- Referred to the House Calendar and ordered to be printed$93537296 997 $aUNINA